Biztonságos webes alapú alkalmazások fejlesztése és üzemeltetése

Bibliográfiai részletek
Szerző: Páli Dániel
További közreműködők: Bendes László
Dokumentumtípus: Projektmunka
Kulcsszavak:Web
Alkalmazás
Biztonság
MySQL adatbázis
Online Access:http://dolgozattar.uni-bge.hu/15933

MARC

LEADER 00000nnm a2200000 i 4500
001 dolg15933
005 20180511083718.0
008 180511suuuu hu o 000 hun d
040 |a BGE Dolgozattár Repozitórium  |b hun 
041 |a hu 
100 1 |a Páli Dániel 
245 1 0 |a Biztonságos webes alapú alkalmazások fejlesztése és üzemeltetése  |c Páli Dániel  |h [elektronikus dokumentum] 
246 1 1 |a Biztonságos webes alapú alkalmazások fejlesztése és üzemeltetése 
516 |a Project_work 
695 |a Web 
695 |a Alkalmazás 
695 |a Biztonság 
695 |a MySQL adatbázis 
700 1 |a Bendes László  |e ths 
856 4 0 |u http://dolgozattar.uni-bge.hu/15933/1/nyilatkozat.pdf  |z Dokumentum-elérés 
856 4 0 |u http://dolgozattar.uni-bge.hu/15933/2/egyesites_20180510.pdf  |z Dokumentum-elérés